| 000 | 01476ngm a2200373 4500 | ||
|---|---|---|---|
| 003 | dpl | ||
| 005 | 2008111801571.0 | ||
| 007 | DVD | ||
| 008 | ||||||sp199 xxu|||||c ||| 00| 0 ng d | ||
| 010 | _aDVD-001108-1110 | ||
| 024 |
_aTSDVD 1238 _c45.00 |
||
| 035 | _aDVD-001108-1110 | ||
| 040 |
_aDPL _cDPL |
||
| 082 | _aDVD / AFSA | ||
| 245 |
_aAfsana _cDeui Movie Tones Presents _h[videorecording] DVD/ |
||
| 246 | _a. | ||
| 260 | _bSuper Cassettes Industries Limited | ||
| 300 |
_a1 videodisc DVD; _bsd., col. ; _c4 3/4 in. _fDVD |
||
| 440 | _aT Series Home Entertainment | ||
| 538 | _aDolby Digital 5.1 - Hindi Subtitles: English | ||
| 650 | _aMotion Picture | ||
| 700 | _aMukerji, Dilip | ||
| 700 | _aBrij | ||
| 700 | _aMajrooh | ||
| 700 | _aGupta, Chitra | ||
| 700 | _aAshok Kumar | ||
| 700 | _aPradeep Kumar | ||
| 700 | _aPadmini | ||
| 942 |
_cCF _2ddc _hDVD _mAFSA |
||
| 999 |
_c18526 _d18526 |
||